Inventory management report

Bibliographic Details
Previous Title:Inventory reduction report
Corporate Author: Institute of Management & Administration
Format: Electronic Journal
Language:English
Published: New York, NY : Institute of Management & Administration, c2002-
Subjects:
Online Access:Full text available from Research Library: 2002 to 01/31/2005

MARC

LEADER 00000nas a2200000 a 4500
001 ssj0019878
003 WaSeSS
005 20200512172242.0
006 m d
007 cr n
008 020724c20029999nyumr p s 0 a0eng c
010 |a  2002214572 
022 |l 1541-1141  |y 1541-1141 
032 |a 005842  |b USPS 
035 |a (WaSeSS)ssj0019878 
037 |b Institute of Management & Administration, 29 W. 35th St., 5th Fl., New York, NY 1001-2299  |c $249.00 
040 |a BNA  |b eng  |c BNA  |d NSD  |d CUS  |d NSD  |d OCLCQ  |d OCLCF  |d OCLCO  |d WaSeSS 
042 |a nsdp  |a pcc 
050 1 4 |a TS160 
082 1 0 |a 658  |2 13 
210 0 |a Invent. manag. rep. 
222 0 |a Inventory management report 
245 0 0 |a Inventory management report  |h [electronic resource]. 
260 |a New York, NY :  |b Institute of Management & Administration,  |c c2002- 
310 |a Monthly 
362 0 |a Issue 8-02 (August 2002)- 
500 |a "Improving logistics and supply chain management." 
500 |a Title from caption. 
506 |a License restrictions may limit access. 
650 0 |a Inventory control  |v Periodicals. 
650 7 |a Inventory control.  |2 fast  |0 (OCoLC)fst00978066 
655 0 |a Electronic journals. 
710 2 |a Institute of Management & Administration. 
780 0 0 |t Inventory reduction report  |x 1049-9849  |w (DLC)sn 90004561  |w (OCoLC)21360101 
856 4 0 |z Full text available from Research Library: 2002 to 01/31/2005  |u https://search.proquest.com/publication/25535